Normal view
MARC view
- WILLIAMS, GARNETT
Entry Personal Name
001 - CONTROL NUMBER
- control field: 89453
003 - CONTROL NUMBER IDENTIFIER
- control field: NUST
005 - DATE AND TIME OF LATEST TRANSACTION
- control field: 20220223152105.0
008 - FIXED-LENGTH DATA ELEMENTS
- fixed length control field: 220223|| aca||aabn | a|a d
040 ## - CATALOGING SOURCE
- Original cataloging agency: NUST
- Transcribing agency: NUST
100 ## - HEADING--PERSONAL NAME
- Personal name: WILLIAMS, GARNETT
670 ## - SOURCE DATA FOUND
- Source citation: Work cat.: (NUST): WILLIAMS, GARNETT., CHAOS THEORY TOMED /, 1997.
